Statistics for Parts Affected By Medical Conditions

Click here to take the quiz!

General Stats

  • This quiz has been taken 24 times
  • The average score is 19 of 37

Answer Stats

Medical ConditionBody Part% Correct
DermatitisSkin
95%
AppendicitisAppendix
91%
PancreatitisPancreas
91%
ArthritisJoint
82%
BronchitisLung
82%
TendonitisTendon
73%
TonsillitisTonsil
73%
EsophagitisEsophagus
68%
GingivitisGum
68%
PneumonitisLung
68%
MyocarditisHeart
64%
HepatitisLiver
64%
GastritisStomach
64%
CarditisHeart
59%
LaryngitisLarynx
59%
OsteitisBone
55%
EncephalitisBrain
55%
EndocarditisHeart
55%
PericarditisHeart
55%
PharyngitisPharynx
50%
TendinitisTendon
50%
ColitisColon
45%
NephritisKidney
45%
DuodenitisDuodenum
41%
MyositisMuscle
41%
CellulitisSkin
41%
MastitisBreast
36%
NeuritisNerve
36%
BlepharitisEye
27%
MeningitisMeninges
27%
ConjunctivitisConjunctiva
23%
FasciitisFascia
23%
CystitisBladder
18%
MyelitisSpinal Cord
18%
PhlebitisVein
18%
StomatitisMouth
14%
KeratitisCornea
9%

Score Distribution

Percentile by Number Answered

Percent of People with Each Score

Your Score History

You have not taken this quiz